Táňa, Praha 3, Žižkov /
Uloženo v:
| Hlavní autor: | |
|---|---|
| Médium: | Kniha |
| Jazyk: | Czech |
| Vydáno: |
Praha :
Petr Štengl,
2026
|
| Vydání: | 3. vydání |
| Témata: | |
| Celkem bylo vypůjčeno: | 0x |
| Tagy: |
Žádné tagy |
| LEADER | 01680cam a2200409 i 4500 | ||
|---|---|---|---|
| 001 | 106736 | ||
| 003 | CZ PrNK | ||
| 005 | 20260703112351.0 | ||
| 008 | 260625s2026 xr ach e 000 0acze | ||
| 015 | |a cnb003767667 | ||
| 020 | |a 9788088482451 |q (brožováno) : |c Kč 290.00 | ||
| 040 | |a KTG001 |b cze |e rda | ||
| 072 | 7 | |a 316.7 |x Sociologie kultury. Kulturní život |2 Konspekt |9 1 | |
| 072 | 7 | |a 929 |x Biografie |2 Konspekt |9 8 | |
| 100 | 1 | |a Zelbová, Marie, |d 1977- |7 hka20251280452 |4 aut |9 117573 | |
| 245 | 1 | 0 | |a Táňa, Praha 3, Žižkov / |c Marie Zelbová |
| 250 | |a 3. vydání | ||
| 264 | 1 | |a Praha : |b Petr Štengl, |c 2026 | |
| 300 | |a 174 stran : |b ilustrace (některé barevné), portréty, faksimile ; |c 21 cm | ||
| 336 | |a text |b txt |2 rdacontent | ||
| 337 | |a bez média |b n |2 rdamedia | ||
| 338 | |a svazek |b nc |2 rdacarrier | ||
| 504 | |a Obsahuje bibliografické odkazy | ||
| 600 | 1 | 7 | |a Zelbová, Marie, |d 1977- |7 hka20251280452 |2 czenas |9 117573 |
| 648 | 7 | |a 20.-21. století |7 ch462155 |2 czenas |9 53009 | |
| 648 | 4 | |a 1981-2022 | |
| 650 | 0 | 7 | |a české spisovatelky |7 ph128153 |y 20.-21. století |2 czenas |
| 650 | 0 | 7 | |a matky a dcery |7 ph124162 |z Česko |2 czenas |
| 650 | 0 | 7 | |a undergroundová kultura |7 ph467676 |z Česko |2 czenas |
| 650 | 0 | 7 | |a každodenní život |7 ph121555 |z Česko |2 czenas |
| 651 | 7 | |a Žižkov (Praha, Česko) |7 ge131624 |2 czenas |9 58495 | |
| 655 | 7 | |a autobiografické vzpomínky |7 fd131854 |2 czenas |9 53458 | |
| 710 | 2 | |a Nakladatelství Petr Štengl |7 hka20261293214 |4 pbl |9 117574 | |
| 910 | |a UOG502 | ||
| 942 | |2 ddc |c KN | ||
| 999 | |d 106736 | ||
| 993 | |0 0 |1 421180107467 |2 ddc |4 0 |7 0 |9 100252 |b 0 |c 107467 |d 2026-07-03 |e 0 |f DOSP |h 290.00 |i Koupě |l DOSP |r 2026-07-03 |t 6 |w 2026-07-03 |y KN |z BELET |n | ||